000 01189nam a2200241Ia 4500
003 Ost
005 20260507074956.0
008 260507s9999||||xx |||||||||||||| ||und||
020 _a9957063707
040 _cfsecg
041 _aara
082 _a658
100 _aالطائي، محمد
_eمؤلف
245 0 _aإقتصاديات المعلومات :
_bالقوة الناعمة في تحقيق التفوق التنافسي لللمؤسسات /
_c محمد الطائي
260 _aعمان:
_bدار المسيرة للنشر والتوزيع,
_c2006
300 _a192 صفحة؛
_bإيضاحات ؛
_c25 سم
504 _aببليوغرافيا:ص.189-192؛ كشاف الأشكال:ص.8-9 كشاف الجداول:ص.10
520 _aعلم اقتصاديات المعلومات،أهمية دراسة اقتصاديات المعلومات،الخصائص الاقتصادية للمعلومات،الاستثمار في المعلومات،تكاليف المعلومات،قيمة المعلومات
653 _aاقتصاد
653 _aالمعلومات-تحليل
700 _aالعلي، هدى عبد الرحيم
_eمؤلف ثانوي
942 _cكتاب
999 _c42032
_d42032